000 01562cam a22004694i 4500
003 PE-LiUPU
005 20250731173501.0
008 150616s1994 miu r 000 0 spa d
020 _a0825431476
035 _a(Sirsi) i9780825431470
040 _aPE-LiUPU
_bspa
_cPE-LiUPU
_erda
049 _aPRUA
082 0 4 _a270.6
_bL98P
_221
100 1 _aLutero, Martín,
_eautor.
_93092
245 1 0 _aCommentary on Peter & Jude /
_cMartín Lutero.
264 1 _aGrand Rapids, Michigan :
_bKregel Publications,
_c1994.
300 _a303 páginas ;
_c20 centímetros
336 _atext
_2rdacontent
337 _aunmediated
_2rdamedia
338 _avolume
_2rdacarrier
505 0 _aComentario a todos los capítulos de Pedro y de Judas Pedro Judas.
526 _aSEG42
526 _aSEG41
526 _aSEG40
526 _aSEG39
526 _aP94
526 _aP87
526 _aP86
526 _aP85
526 _aP77
526 _aP76
526 _aP35
630 _aBiblia.
_pN.T.
_pJudas
_xComentarios.
630 _aBiblia.
_pN.T.
_pPedro
_xComentarios.
910 _ajck
_bjvq
_cjck
942 _2ddc
_cBOOK
949 _a270.6 L98P
_wDEWEY
_c1
_i40312
_lCCODEBUL1
_mBUL
_r0
_sY
_tBOOK
_u2015-6-16
_xTEOLOGIA
_zUNKNOWN
_0COMPRA
_o.STAFF. Colección Teología
994 _aC0
_bPEPRU
596 _a1
999 _a270.6 L98P
_wDEWEY
_c58114
_i40312
_f2021-11-11
_g5
_lCCODEBUL1
_mBUL
_p15.00
_r0
_sY
_tBOOK
_u2015-6-16
_xTEOLOGIA
_PP35
_0COMPRA
_o.STAFF. Colección Teología
_d58114
980 _81
_gALBERTO SANCHEZ Responsable de Automatización